| 000 | 01247nam a2200325 c 4500 | ||
|---|---|---|---|
| 001 | 58867 | ||
| 003 | CO-BoRNBP | ||
| 005 | 20250828195724.0 | ||
| 007 | ta | ||
| 008 | 201201s2020 ck o ar 000 0 spa d | ||
| 020 | _a9789585226586 | ||
| 040 |
_aCO-BoRNBP _bspa _erda _cCO-BoRNBP |
||
| 041 | 0 | _aspa | |
| 082 | 0 | 4 |
_a595.76 _bU73p _222 |
| 100 |
_aUribe Hurtado, Cristina, _d1956- _eaut |
||
| 245 | 1 | 4 |
_aLos primeros aviadores / _ctexto y fotografías Cristina Uribe Hurtado. |
| 250 | _aEdición especial | ||
| 264 | 1 |
_aBogotá, Colombia : _bC. Uribe Editores, _c2020 |
|
| 300 |
_a36 páginas : _bilustraciones, fotografías |
||
| 336 |
_atexto _btxt _2rdacontent |
||
| 337 |
_asin mediación _bn _2rdamedia |
||
| 338 |
_avolumen _bnc _2rdacarrier |
||
| 490 | 0 | _aLibros Educativos. Aprendiendo sobre el mundo en que vivimos. Serie Quienes somos | |
| 490 | 0 | _aPlan Nacional de Lectura y Escritura Leer es mi Cuento / Ministerio de Cultura. | |
| 500 | _aIncluye glosario al final del texto | ||
| 521 | _aRecomendado para un público infantil mayor de 6 años | ||
| 650 | 0 | 7 |
_aEscarabajos _xHábitos y conducta _xLiteratura infantil _2lemb _964258 |
| 650 | 0 | 7 |
_aInsectos _xHábitos y conducta _xLiteratura infantil _2LEMB _964259 |
| 942 |
_2ddc _cBKINF |
||
| 999 |
_c58867 _d58867 |
||